000 00791nam a2200217Ii 4500
003 JO-AjNU
008 230605s9999||||xx |||||||||||||| ||und||
017 _a1994/5/494
040 _aJO-AjNU
_bara
_erda
_cJO-AjNU
041 _aara
050 1 4 _aGV938.M3678 1994
100 3 _aالمنسي، سالم علي,
_eauthor
_915586
245 0 0 _aتاريخ وبطولات كرة السلة: سجل كامل لتاريخ كرة القدم واهم بطولاتها العالمية والقارية والانجليزية والعربية
250 _aط1
264 3 1 _aاربد: دار الامل، 1994
300 _a329ص
336 _atext
_btxt
_2rdacontent
337 _aunmediated
_bn
_2rdamedia
338 _avolume
_bnc
_2rdacarrier
650 4 _aكرة القدم - رياضة
_915587
999 _aA4436
_c8004
_d8004